Objects of grace : (Registro nro. 326252)

Detalles MARC
000 -ENCABEZADO
Número de control [NR] 01150nam a22002657a 4500
005 - FECHA Y HORA DE LA ÚLTIMA TRANSACCIÓN
control field 20260416155939.0
008 - DE LONGITUD FIJA DE DATOS DE ELEMENTOS - INFORMACIÓN GENERAL
Elementos de longitud fija [NR] 260416t2002 |||||||| |||| 00| 0 eng d
020 ## - NUMERO INTERNACIONAL NORMALIZADO PARA LIBROS [R]
Número Internacional Normalizado del libro [NR] 9780965879835
040 ## - FUENTE DE CATALOGACION [NR]
Agencia de catalogación original [NR] CO-BoUCM
Idioma de catalogación [NR] spa
Quien Cataloga Sandra Palacio
Quien Clasifica Sandra Palacio
041 ## - CODIGO DE IDIOMA [R]
Código de idioma para texto/pista de sonido o título separado [R] Inglés
100 ## - ASIENTO PRINCIPAL--NOMBRE PERSONAL [NR]
Nombre personal [NR] Romaine, James
ID Autoridad 188624
245 10 - MENCION DE TITULO [NR]
Título [NR] Objects of grace :
Parte restante del título [NR] conversations on creativity and faith /
Mención de responsabilidad, etc. [NR] James Romaine
260 ## - PUBLICACION, DISTRIBUCION, ETC. (PIE DE IMPRENTA) [R]
Lugar de publicación, distribución, etc. [R] Baltimore, Maryland :
Nombre del editor, distribuidor, etc. [R] Square Halo Books,
Fecha de publicación, distribución, etc. [R] 2002
300 ## - DESCRIPCION FISICA [R]
Extensión [R] 173 páginas
Otros detalles físicos [NR] ilustraciones
500 ## - NOTA GENERAL [R]
Nota general [NR] Incluye perfiles biográficos de los artistas entrevistados.
520 ## - NOTA DE RESUMEN, ETC. [R]
Nota de sumario, etc. [NR] Compilación de diálogos entre el autor y destacados artistas visuales sobre la relación entre el proceso creativo y la espiritualidad cristiana. Se examina el papel del arte en la iglesia y la vida del creyente.
650 #4 - ASIENTO SECUNDARIO DE MATERIA - TERMINO TEMATICO [R]
Término temático o nombre geográfico como elemento de entrada [NR] Arte y religión
9 (RLIN) 9530
650 #4 - ASIENTO SECUNDARIO DE MATERIA - TERMINO TEMATICO [R]
Término temático o nombre geográfico como elemento de entrada [NR] Cristianismo en el arte
9 (RLIN) 188625
650 #4 - ASIENTO SECUNDARIO DE MATERIA - TERMINO TEMATICO [R]
Término temático o nombre geográfico como elemento de entrada [NR] Artistas
Subdivisión general [R] Entrevistas
9 (RLIN) 188626
700 1# - ASIENTO SECUNDARIO - NOMBRE PERSONAL [R]
Nombre personal [NR] Bowden, Sandra
9 (RLIN) 188443
700 1# - ASIENTO SECUNDARIO - NOMBRE PERSONAL [R]
Nombre personal [NR] Fujimura, Makoto
9 (RLIN) 188442
700 1# - ASIENTO SECUNDARIO - NOMBRE PERSONAL [R]
Nombre personal [NR] Rollins, Tim
9 (RLIN) 188627
942 ## - ELEMENTOS DE ENTRADA AGREGADOS (KOHA)
Sistema de clasificación DEWEY
Tema principal Arte
Tipo de ítem principal el descrito en 300a Libro
Edición 1
Clasificación 704.9482
Parte restante de la signatura top. R757o
Existencias
Fecha de último préstamo Total préstamos Signatura topográfica Código de barras Última vez visto Ejemplar Price effective from Tipo de ítem Perdido Sistema de clasificación Dañado No prestable Tipo de ítem específico Suprimido Ubicación habitual Ubicación actual Localización Fecha de creación Forma de adquisición Costo
07/05/2026 2 704.9482 R757o 100175092 01/06/2026 Ej.1 16/04/2026 Libro   DEWEY     Libro   Claustro Claustro 2do piso 16/04/2026 Compra 107920.00